[Event "World Amateur-ch U1700 (Women)"]
[Site "Muscat"]
[Date "2023.11.04"]
[Round "3"]
[White "Mera, Abdulaziz Aidarous"]
[Black "Nema, Rabab Ahmed"]
[Result "1-0"]
[WhiteElo "1035"]
[BlackElo "1366"]
[PlyCount "77"]
[EventDate "2023.11.02"]
[EventType "swiss"]
[EventRounds "9"]
[EventCountry "OMN"]
[SourceTitle "CB47_2023"]
[SourceDate "2023.11.22"]
[SourceVersion "1"]
[SourceVersionDate "2023.11.22"]
[SourceQuality "1"]

1. e4 e6 2. d4 d5 3. Bd3 Nf6 4. e5 Nfd7 5. Ne2 c5 6. c3 Nc6 7. a3 Be7 8. Bc2 b5 9. 0-0 Bb7 10. Qd3 a6 11. f4 f5 12. Qh3 Qc7 13. Be3 0-0-0 14. b4 cxd4 15. Nxd4 Nxd4 16. Bxd4 Nb6 17. Qe3 Nc4 18. Qf2 g5 19. a4 Bc6 20. Bd3 Qb7 21. axb5 Bxb5 22. Bxc4 Bxc4 23. Rc1 Rdg8 24. Nd2 gxf4 25. Qxf4 Rg4 26. Qf3 Rhg8 27. Kh1 Rxg2 28. Nxc4 dxc4 29. Qxb7+ Kxb7 30. b5 Rb2 31. Rxa6 Ra8 32. Rca1 Rxa6 33. bxa6+ Ka8 34. a7 Rb7 35. Ra6 h6 36. Rxe6 f4 37. Rxh6 Rxa7 38. Bxa7 Kxa7 39. Rh7 1-0

[Event "World Amateur-ch U1700 (Women)"]
[Site "Muscat"]
[Date "2023.11.02"]
[Round "1"]
[White "Nema, Rabab Ahmed"]
[Black "Al Shukaili, Reem"]
[Result "1-0"]
[WhiteElo "1366"]
[BlackElo "1012"]
[PlyCount "50"]
[EventDate "2023.11.02"]
[EventType "swiss"]
[EventRounds "9"]
[EventCountry "OMN"]
[SourceTitle "CB47_2023"]
[SourceDate "2023.11.22"]
[SourceVersion "1"]
[SourceVersionDate "2023.11.22"]
[SourceQuality "1"]

1. d4 Nf6 2. c4 e6 3. Nf3 d5 4. e3 c5 5. cxd5 Nxd5 6. e4 Nb6 7. Bd3 cxd4 8. Nxd4 Bb4+ 9. Nc3 Bxc3+ 10. bxc3 0-0 11. e5 Qc7 12. 0-0 Qxe5 13. Re1 Qc7 14. Re3 N8d7 15. Bxh7+ Kxh7 16. Qh5+ Kg8 17. Rh3 f6 18. Nxe6 Qe5 19. Qh7+ Kf7 20. Qxg7+ Kxe6 21. Re3 Rf7 22. Qg4+ f5 23. Qg6+ Rf6 24. Qg8+ Rf7 25. Rxe5+ Kxe5 1-0

[Event "Riadh Rapid op"]
[Site "Riadh"]
[Date "2023.03.18"]
[Round "9"]
[White "Nema, Rabab Ahmed"]
[Black "Al Abdali, Zeyad Saleh"]
[Result "1-0"]
[WhiteElo "1349"]
[BlackElo "1749"]
[PlyCount "105"]
[EventDate "2023.03.17"]
[EventType "swiss (rapid)"]
[EventRounds "9"]
[EventCountry "SAU"]
[SourceTitle "CBM 213 Extra"]
[Source "ChessBase"]
[SourceDate "2023.05.31"]
[SourceVersion "1"]
[SourceVersionDate "2023.05.31"]
[SourceQuality "1"]

1. e4 c6 2. Nc3 d5 3. Nf3 dxe4 4. Nxe4 Nf6 5. Ng3 e6 6. d4 Bd6 7. Be2 Qa5+ 8. Bd2 Bb4 9. c3 Bd6 10. c4 Qc7 11. 0-0 0-0 12. Bg5 Nbd7 13. Bd3 Bxg3 14. fxg3 c5 15. Bf4 Qb6 16. dxc5 Qxc5+ 17. Kh1 Rd8 18. Bd6 Qb6 19. b3 g6 20. Bf4 Ng4 21. Qe2 Nc5 22. Bc2 e5 23. Be3 Re8 24. h3 Nxe3 25. Qxe3 Qc7 26. Rae1 e4 27. Nd2 Bd7 28. Nxe4 Nxe4 29. Bxe4 Bc6 30. Qf3 Bxe4 31. Rxe4 Rxe4 32. Qxe4 Rd8 33. Qf4 Qd7 34. g4 Qd2 35. Qxf7+ Kh8 36. Qf2 Qd6 37. Qf6+ Qxf6 38. Rxf6 Rd2 39. Rf7 Rxa2 40. Rxb7 h5 41. gxh5 gxh5 42. b4 Ra4 43. c5 Kg8 44. c6 Ra1+ 45. Kh2 Rc1 46. c7 Kf8 47. Rb8+ Ke7 48. c8Q Rxc8 49. Rxc8 Kd7 50. Ra8 Kc6 51. Rxa7 Kb5 52. Rb7+ Kc4 53. b5 1-0

[Event "Sharjah Cup (Women) 12th"]
[Site "Sharjah"]
[Date "2022.12.09"]
[Round "1"]
[White "Dobrynina, Aleksandra"]
[Black "Nema, Rabab Ahmed"]
[Result "1-0"]
[WhiteElo "2042"]
[BlackElo "1309"]
[PlyCount "151"]
[EventDate "2022.12.09"]
[EventType "swiss"]
[EventRounds "9"]
[EventCountry "UAE"]
[SourceTitle "CBM 211 Extra"]
[Source "ChessBase"]
[SourceDate "2023.01.31"]
[SourceVersion "1"]
[SourceVersionDate "2023.01.31"]
[SourceQuality "1"]

1. d4 Nf6 2. c4 g6 3. Nc3 Bg7 4. e4 d6 5. Nf3 0-0 6. Be2 e5 7. d5 a5 8. Bg5 h6 9. Bh4 Na6 10. Nd2 Nc5 11. 0-0 Qe8 12. b3 Nh7 13. f3 f5 14. a3 f4 15. b4 axb4 16. axb4 Rxa1 17. Qxa1 Na6 18. Qa3 g5 19. Bf2 h5 20. c5 g4 21. Kh1 Qg6 22. c6 g3 23. cxb7 Bxb7 24. Bxa6 Bxa6 25. Qxa6 gxf2 26. Rxf2 Rb8 27. Qa5 Qf7 28. Rf1 Bf6 29. b5 Qe7 30. Qa7 Qd8 31. Ra1 Bh4 32. Nf1 Nf6 33. Qa6 Nd7 34. Qc6 Bf2 35. Qc4 Nb6 36. Qd3 Bd4 37. Ra6 Nd7 38. Ra3 Bc5 39. Ra2 Qc8 40. g3 Qf8 41. Rg2 Kh7 42. gxf4 Qxf4 43. Ne2 Qh6 44. Neg3 Rg8 45. Qd2 Qxd2 46. Nxd2 h4 47. Nf5 Rxg2 48. Kxg2 Kg6 49. Nxh4+ Kg5 50. Nf5 Nf6 51. Ng7 Bb6 52. Nc4 Kg6 53. Ne6 Ne8 54. Nxb6 cxb6 55. Nf8+ Kf7 56. Nd7 Nc7 57. Nxb6 Nxb5 58. Nc4 Ke7 59. Kg3 Nc7 60. Kg4 Ne8 61. Kg5 Kf7 62. Ne3 Nf6 63. Nf5 Ne8 64. h4 Kg8 65. Kg6 Kf8 66. h5 Kg8 67. h6 Kh8 68. Kf7 Nc7 69. Nxd6 Kh7 70. Nf5 Kh8 71. d6 Nd5 72. exd5 e4 73. fxe4 Kh7 74. d7 Kh8 75. d8Q+ Kh7 76. Qg8# 1-0

[Event "Olympiad Women-44"]
[Site "Chennai"]
[Date "2022.08.01"]
[Round "4.2"]
[White "Nema, Rabab Ahmed"]
[Black "Elfelo, Eklas"]
[Result "1-0"]
[WhiteElo "1172"]
[BlackElo "1562"]
[PlyCount "55"]
[EventDate "2022.07.29"]
[EventType "team-swiss"]
[EventRounds "11"]
[EventCountry "IND"]
[SourceTitle "CBM 210"]
[Source "ChessBase"]
[SourceDate "2022.10.31"]
[SourceVersion "1"]
[SourceVersionDate "2022.10.31"]
[SourceQuality "1"]
[WhiteTeam "Kuwait (W)"]
[BlackTeam "Libya (W)"]
[WhiteTeamCountry "KUW"]
[BlackTeamCountry "LBY"]

1. d4 Nf6 2. c4 g6 3. Nc3 Bg7 4. e4 d6 5. Nf3 0-0 6. Be2 b6 7. 0-0 Bb7 8. d5 Re8 9. h3 Nbd7 10. Be3 c5 11. Qd2 Qc7 12. Bh6 a6 13. Bxg7 Kxg7 14. Nh4 e6 15. f4 Qd8 16. Qe1 exd5 17. exd5 Ne4 18. Nxe4 Rxe4 19. Nf3 Qf6 20. g3 Qxb2 21. Nd2 Re3 22. Rf3 Rae8 23. Rxe3 Rxe3 24. Kf2 Re7 25. Qc1 Qd4+ 26. Kf1 Qe3 27. Qb2+ Kf8 28. Qh8# 1-0

[Event "KUW-ch (Women)"]
[Site "Qadsiya"]
[Date "2022.03.12"]
[Round "6"]
[White "Alazmi, Aeshah"]
[Black "Nema, Rabab Ahmed"]
[Result "0-1"]
[WhiteElo "1245"]
[BlackElo "1127"]
[PlyCount "124"]
[EventDate "2022.03.06"]
[EventType "tourn"]
[EventRounds "9"]
[EventCountry "KUW"]
[SourceTitle "CBM 207 Extra"]
[Source "ChessBase"]
[SourceDate "2022.05.31"]
[SourceVersion "1"]
[SourceVersionDate "2022.05.31"]
[SourceQuality "1"]

1. e4 d6 2. Nf3 Nf6 3. Nc3 g6 4. d4 Bg7 5. Be3 0-0 6. Bc4 Nxe4 7. Nxe4 d5 8. Bd3 dxe4 9. Bxe4 Nd7 10. 0-0 Nf6 11. Bd3 c6 12. Qd2 Ng4 13. Bf4 Re8 14. c3 e5 15. dxe5 Nxe5 16. Nxe5 Bxe5 17. Rad1 Bg7 18. Rfe1 Be6 19. Bh6 Bxa2 20. Bxg7 Kxg7 21. c4 Qd4 22. Re3 Bxc4 23. Bxc4 Qxc4 24. Rc1 Qd5 25. Rd3 Qe5 26. Re3 Qf6 27. Rce1 Rxe3 28. Rxe3 Rd8 29. Qc2 Qd4 30. g3 Qd1+ 31. Qxd1 Rxd1+ 32. Kg2 Rd7 33. Ra3 a6 34. Kf3 Kf6 35. h4 h5 36. Ra5 Rd5 37. b4 Rxa5 38. bxa5 Ke5 39. g4 hxg4+ 40. Kxg4 Ke4 41. Kg5 c5 42. Kf6 c4 43. Kxf7 c3 44. Kxg6 c2 45. h5 c1Q 46. h6 Qc6+ 47. Kg7 Qd7+ 48. Kh8 Qe8+ 49. Kg7 Qe5+ 50. Kg8 Qg5+ 51. Kf7 Qxh6 52. Ke7 Qc6 53. Kd8 Kf3 54. Ke7 Kxf2 55. Kd8 Kf3 56. Ke7 Ke4 57. Kd8 Ke5 58. Ke7 Qc7+ 59. Kf8 Qd7 60. Kg8 Qe7 61. Kh8 Kf6 62. Kg8 Qg7# 0-1

[Event "KUW-ch (Women)"]
[Site "Qadsiya"]
[Date "2022.03.11"]
[Round "5"]
[White "Nema, Rabab Ahmed"]
[Black "Alawadhi, Amenah"]
[Result "0-1"]
[WhiteElo "1127"]
[BlackElo "1311"]
[PlyCount "118"]
[EventDate "2022.03.06"]
[EventType "tourn"]
[EventRounds "9"]
[EventCountry "KUW"]
[SourceTitle "CBM 207 Extra"]
[Source "ChessBase"]
[SourceDate "2022.05.31"]
[SourceVersion "1"]
[SourceVersionDate "2022.05.31"]
[SourceQuality "1"]

1. Nf3 d5 2. g3 Nf6 3. Bg2 c6 4. 0-0 Bf5 5. d3 e6 6. Nbd2 h6 7. Re1 Be7 8. e4 dxe4 9. dxe4 Nxe4 10. Nxe4 Qxd1 11. Rxd1 Bxe4 12. c3 Nd7 13. Bf4 g5 14. Bd6 Bxd6 15. Rxd6 0-0-0 16. Rad1 Bd5 17. b3 g4 18. Ne1 Kc7 19. Bxd5 cxd5 20. Rxd7+ Rxd7 21. Nd3 f6 22. Nc5 Re7 23. Nd3 b6 24. Nf4 Rg8 25. Re1 Kd6 26. Rd1 Kc6 27. Re1 e5 28. Ng2 Rge8 29. Ne3 Rh7 30. Rd1 Rd8 31. Nf5 a5 32. a4 h5 33. Kg2 Rhd7 34. h3 Kc5 35. hxg4 hxg4 36. Kf1 d4 37. cxd4+ exd4 38. Rd3 Re8 39. Ne3 Re4 40. Nf5 Rd5 41. Nh4 b5 42. axb5 Kxb5 43. f3 gxf3 44. Nxf3 Kc5 45. Kf2 Rd8 46. Nd2 Ree8 47. Nf3 Rh8 48. Kg2 Rd5 49. g4 Ra8 50. Nd2 a4 51. bxa4 Rxa4 52. Nf3 Kc4 53. Rd1 Kc3 54. Kf2 Ra2+ 55. Kg3 d3 56. Kf4 Kc2 57. Rh1 Ra4+ 58. Ke3 Ra3 59. Ke4 Rd8 0-1

[Event "Arab-ch (Women)"]
[Site "Abu Dhabi"]
[Date "2021.11.27"]
[Round "3"]
[White "Khalil, Manar"]
[Black "Nema, Rabab Ahmed"]
[Result "1-0"]
[WhiteElo "1822"]
[BlackElo "1148"]
[PlyCount "53"]
[EventDate "2021.11.26"]
[EventType "swiss"]
[EventRounds "9"]
[EventCountry "UAE"]
[SourceTitle "CBM 205 Extra"]
[Source "ChessBase"]
[SourceDate "2022.01.31"]
[SourceVersion "1"]
[SourceVersionDate "2022.01.31"]
[SourceQuality "1"]

1. e4 e5 2. Nf3 Nc6 3. d4 exd4 4. Nxd4 Bc5 5. Be3 Qf6 6. c3 Nge7 7. Bc4 0-0 8. 0-0 d6 9. Kh1 Be6 10. Nxe6 fxe6 11. Bxc5 dxc5 12. Qg4 Nd8 13. Nd2 Ng6 14. Nf3 h6 15. Rad1 Kh7 16. Rd7 Ne5 17. Nxe5 Qxe5 18. f4 Qf6 19. e5 Qg6 20. Bd3 Rf5 21. Qxg6+ Kxg6 22. g4 Nc6 23. gxf5+ exf5 24. Rg1+ Kh5 25. Rdxg7 Rd8 26. R1g3 Kh4 27. Kg2 1-0